| 000 | 01052nam a2200301 a 4500 | ||
|---|---|---|---|
| 999 |
_c817 _d817 |
||
| 001 | 1882 | ||
| 003 | BD-DhUAP | ||
| 005 | 20200128120245.0 | ||
| 008 | 200128s1999 enka b 001 0 eng d | ||
| 020 | _a039304713X | ||
| 020 | _a039331815X | ||
| 040 |
_aDLC _cBD-DhUAP _bEng _dBD-DhUAP |
||
| 082 |
_a338.9 STA _223 |
||
| 245 | 0 | 0 |
_aState of the world 1999 : _ba Worldwatch Institute report on progress toward a sustainable society / _cLester R. Brown ... [et al.]. |
| 260 |
_aNew York ; _aLondon : _bW. W. Norton & Company, _cc1999. |
||
| 300 |
_axix, 259 pages : _billustrations ; _c24 cm. |
||
| 490 | 1 | _aEnvironmental alert series | |
| 504 | _aIncludes bibliographical references and index. | ||
| 650 | 0 | _aEconomic development and growth | |
| 650 | 0 | _aSustainable development. | |
| 650 | 0 | _aConservation of natural resources. | |
| 700 | 1 | _aBrown, Lester Russell. | |
| 710 | 2 | _aWorldwatch Institute. | |
| 830 | 0 | _aWorldwatch environmental alert series | |
| 942 |
_2ddc _cBK |
||